000 00702nam a2200229Ia 4500
003 GCL
008 140319s9999 xx 000 0 ara d
040 _aGCL /
_cGCL
082 0 4 _a418
_bم ا
100 1 _aمحمد حسن حسن جبل
245 1 0 _aالاحتجاج بالشعر فى اللغة, الواقع ودلالته /
_cمحمد حسن حسن جبل
260 _a[S.N] :
_bدار الفكر العربى
300 _a260 ص
490 _a
650 0 4 _aالالفاظ
650 0 4 _aالاصوات اللغوية
650 0 4 _aاللغة العربية
650 0 4 _aاللهجات
650 0 4 _aالنطق
650 0 4 _aالمترادفات والاضداد
942 _2ddc
_cBK
999 _c31454
_d31454